Society of Property Researchers (Record no. 119617)

MARC details
000 -LEADER
fixed length control field 00684cam a2200181 4500
001 - CONTROL NUMBER
control field WS108083
008 - FIXED-LENGTH DATA ELEMENTS--GENERAL INFORMATION
fixed length control field 000000n 000 0 eng u
035 ## - SYSTEM CONTROL NUMBER
System control number (Sirsi) u108083
110 ## - MAIN ENTRY--CORPORATE NAME
Corporate name or jurisdiction name as entry element Society of Property Researchers
9 (RLIN) 23
245 ## - TITLE STATEMENT
Title Society of Property Researchers
520 ## - SUMMARY, ETC.
Summary, etc. Site for this professional grouping of property researchers. Includes details of events, special interest groups and members.
650 ## - SUBJECT ADDED ENTRY--TOPICAL TERM
Topical term or geographic name entry element RESEARCH
650 ## - SUBJECT ADDED ENTRY--TOPICAL TERM
Topical term or geographic name entry element ORGANISATION
650 ## - SUBJECT ADDED ENTRY--TOPICAL TERM
Topical term or geographic name entry element PROPERTY-COMMERCIAL PROPERTY
690 ## - LOCAL SUBJECT ADDED ENTRY--TOPICAL TERM (OCLC, RLIN)
Topical term or geographic name as entry element MANAGEMENT-BUSINESS MANAGEMENT-PROFESSIONAL PRACTICE
856 40 - ELECTRONIC LOCATION AND ACCESS
Uniform Resource Identifier <a href="https://www.sprweb.co.uk">https://www.sprweb.co.uk</a>
Public note View the website free of charge at www.sprweb.co.uk...
942 ## - ADDED ENTRY ELEMENTS (KOHA)
Suppress in OPAC 0
Holdings
Withdrawn status Lost status Source of classification or shelving scheme Damaged status Not for loan Home library Current library Shelving location Date acquired Total Checkouts Full call number Barcode Date last seen Copy number Price effective from Koha item type
    Dewey Decimal Classification     Virtual Virtual Online 30/08/2000   WEB SITE 108083-2001 06/08/2019 1 06/08/2019 Online material